[Event "HUN-chT2 Toth 1011"]
[Site "Hungary"]
[Date "2010.10.24"]
[Round "4.9"]
[White "Nyoger, Istvan"]
[Black "Csikos, Mihaly"]
[Result "0-1"]
[WhiteElo "1871"]
[BlackElo "2086"]
[PlyCount "96"]
[EventDate "2010.09.12"]
[EventType "team-tourn"]
[EventRounds "11"]
[EventCountry "HUN"]
[SourceTitle "EXT 2012"]
[Source "ChessBase"]
[SourceDate "2011.11.24"]
[SourceVersion "1"]
[SourceVersionDate "2011.11.24"]
[SourceQuality "1"]
[WhiteTeam "Maroczy II"]
[BlackTeam "Roszke"]
[WhiteTeamCountry "HUN"]
[BlackTeamCountry "HUN"]

1. e4 e5 2. Nf3 Nf6 3. Nxe5 d6 4. Nf3 Nxe4 5. d4 d5 6. Bd3 Nc6 7. 0-0 Be7 8. Re1 Bg4 9. Bxe4 dxe4 10. Rxe4 Bxf3 11. Qxf3 Nxd4 12. Qd3 Ne6 13. Be3 Qxd3 14. cxd3 0-0-0 15. Nc3 Rxd3 16. Rd1 Rxd1+ 17. Nxd1 Rd8 18. Nc3 Bf6 19. Kf1 a6 20. a4 Nd4 21. g4 Nc2 22. Ke2 Nxe3 23. Kxe3 c6 24. f4 Kd7 25. g5 Bxc3 26. bxc3 Re8 27. Rxe8 Kxe8 28. a5 Kd7 29. Kd4 Kd6 30. c4 c5+ 31. Ke4 Kc6 32. h4 g6 33. Ke5 b5 34. axb6 Kxb6 35. Kf6 a5 36. Kxf7 a4 37. Kg7 a3 38. Kxh7 a2 39. Kxg6 a1Q 40. f5 Qh8 41. h5 Kc6 42. f6 Kd6 43. h6 Qg8+ 44. Kh5 Ke6 45. g6 Kxf6 46. g7 Kf5 47. Kh4 Qxc4+ 48. Kg3 Kg6 0-1

[Event "HUN-chT2 Toth 1011"]
[Site "Hungary"]
[Date "2010.09.12"]
[Round "1.10"]
[White "Nyoger, Istvan"]
[Black "Horvath, Adam2222"]
[Result "1-0"]
[WhiteElo "1871"]
[BlackElo "120"]
[PlyCount "95"]
[EventDate "2010.09.12"]
[EventType "team-tourn"]
[EventRounds "11"]
[EventCountry "HUN"]
[SourceTitle "EXT 2012"]
[Source "ChessBase"]
[SourceDate "2011.11.24"]
[SourceVersion "1"]
[SourceVersionDate "2011.11.24"]
[SourceQuality "1"]
[WhiteTeam "Maroczy II"]
[BlackTeam "Csongrad Felegyhaza"]
[WhiteTeamCountry "HUN"]
[BlackTeamCountry "HUN"]

1. e4 c6 2. d4 d5 3. Nc3 dxe4 4. Nxe4 Bf5 5. Ng3 Bg6 6. Nf3 e6 7. a3 Nd7 8. Bf4 Ngf6 9. c4 c5 10. dxc5 Nxc5 11. b4 Nd3+ 12. Bxd3 Qxd3 13. Qxd3 Bxd3 14. Ne5 Be4 15. Nxe4 Nxe4 16. f3 Nf6 17. Rd1 Be7 18. Ke2 0-0 19. Nd7 Rfd8 20. Bg5 Rxd7 21. Rxd7 Nxd7 22. Bxe7 Ne5 23. c5 Nc6 24. Bd6 Nd4+ 25. Kf2 Nb5 26. a4 Nxd6 27. cxd6 Kf8 28. Rc1 Ke8 29. Rc7 b6 30. Re7+ Kf8 31. Rc7 Ke8 32. Rb7 h6 33. g4 g5 34. Kg3 Rd8 35. Rxa7 Rxd6 36. Rb7 f5 37. gxf5 exf5 38. Rh7 Kf8 39. b5 Kg8 40. Rc7 Kf8 41. Ra7 Ke8 42. h4 Rd7 43. Ra6 Rd6 44. hxg5 hxg5 45. a5 Kd8 46. axb6 Rd5 47. Ra8+ Kd7 48. b7 1-0

[Event "HUN-chT2 Toth 0910"]
[Site "Hungary"]
[Date "2010.02.28"]
[Round "7.9"]
[White "Nyoger, Istvan"]
[Black "Makay, Andor"]
[Result "1-0"]
[WhiteElo "1864"]
[BlackElo "1875"]
[PlyCount "91"]
[EventDate "2009.11.08"]
[EventType "team-tourn"]
[EventRounds "11"]
[EventCountry "HUN"]
[SourceTitle "EXT 2011"]
[Source "ChessBase"]
[SourceDate "2010.11.26"]
[SourceVersion "1"]
[SourceVersionDate "2010.11.26"]
[SourceQuality "1"]
[WhiteTeam "Maroczy II"]
[BlackTeam "Szentes Spartacus"]
[WhiteTeamCountry "HUN"]
[BlackTeamCountry "HUN"]

1. e4 g6 2. d4 c6 3. c4 e6 4. Nc3 a6 5. a4 d6 6. Nf3 Bg7 7. Be2 Ne7 8. 0-0 0-0 9. Be3 h6 10. h4 f5 11. Qd2 Kh7 12. Rad1 fxe4 13. Nxe4 Nf5 14. g3 d5 15. Nc3 Nxe3 16. Qxe3 b6 17. Bd3 Rf6 18. h5 Qf8 19. Ne5 Kg8 20. Nxg6 Qd6 21. cxd5 cxd5 22. b4 Nc6 23. b5 Nb4 24. Rc1 a5 25. Bb1 Bd7 26. Ne2 Re8 27. f4 Rf7 28. Rc3 Rc8 29. Rfc1 Rxc3 30. Rxc3 Bf6 31. Qc1 Kg7 32. Ne5 Bxe5 33. dxe5 Qb8 34. Nd4 Rf8 35. Rc7 Rf7 36. g4 Qd8 37. g5 Kh8 38. f5 Rg7 39. Nxe6 Bxe6 40. Rxg7 Kxg7 41. gxh6+ Kh8 42. fxe6 Qg8+ 43. Bg6 Qxe6 44. Qf4 Qe7 45. Qf6+ Qxf6 46. exf6 1-0

[Event "HUN-chT2 Toth 0910"]
[Site "Hungary"]
[Date "2009.12.20"]
[Round "4.9"]
[White "Moczo, Istvan"]
[Black "Nyoger, Istvan"]
[Result "1-0"]
[WhiteElo "2054"]
[BlackElo "1864"]
[PlyCount "61"]
[EventDate "2009.11.08"]
[EventType "team-tourn"]
[EventRounds "11"]
[EventCountry "HUN"]
[SourceTitle "EXT 2011"]
[Source "ChessBase"]
[SourceDate "2010.11.26"]
[SourceVersion "1"]
[SourceVersionDate "2010.11.26"]
[SourceQuality "1"]
[WhiteTeam "Takisz"]
[BlackTeam "Maroczy II"]
[WhiteTeamCountry "HUN"]
[BlackTeamCountry "HUN"]

1. Nf3 d5 2. g3 Nf6 3. Bg2 c5 4. c3 Nc6 5. d4 Bf5 6. dxc5 e5 7. b4 e4 8. Nd4 Bd7 9. 0-0 a5 10. Nxc6 Bxc6 11. Be3 axb4 12. cxb4 Ra4 13. a3 Qa8 14. Qb3 b5 15. Nc3 Ra7 16. Bd4 Be7 17. e3 0-0 18. Ra2 Rd8 19. Rfa1 Qb7 20. a4 bxa4 21. Nxa4 Rda8 22. Nb6 Rxa2 23. Rxa2 Rxa2 24. Qxa2 Bd8 25. Bf1 Bxb6 26. cxb6 Nd7 27. Qa7 Qa8 28. Ba6 Qe8 29. b5 Nb8 30. bxc6 Nxc6 31. Bb5 1-0

[Event "HUN-chT2 Toth 0809"]
[Site "Hungary"]
[Date "2009.03.08"]
[Round "9.9"]
[White "Horvath, Lajos Ludovic"]
[Black "Nyoger, Istvan"]
[Result "0-1"]
[WhiteElo "2090"]
[BlackElo "1861"]
[PlyCount "80"]
[EventDate "2008.10.26"]
[EventType "team-tourn"]
[EventRounds "11"]
[EventCountry "HUN"]
[SourceTitle "EXT 2010"]
[Source "ChessBase"]
[SourceDate "2010.11.25"]
[SourceVersion "1"]
[SourceVersionDate "2010.11.25"]
[SourceQuality "1"]
[WhiteTeam "Maroczy II"]
[BlackTeam "Kisujszallas"]
[WhiteTeamCountry "HUN"]
[BlackTeamCountry "HUN"]

1. b4 e5 2. Bb2 Bxb4 3. f4 exf4 4. Bxg7 Qh4+ 5. g3 fxg3 6. Bg2 gxh2+ 7. Kf1 hxg1Q+ 8. Kxg1 Qg4 9. Bxh8 Nc6 10. c3 Be7 11. Rxh7 Nf6 12. Bxf6 Bxf6 13. Qf1 Qg6 14. Rh1 d6 15. Na3 Be6 16. Rb1 0-0-0 17. e4 Rg8 18. Qe2 Ne5 19. Rf1 Bg4 20. Rxf6 Qxf6 21. Qf2 Bf3 22. Rh2 Qg5 23. Kf1 Ng4 24. Bh3 f5 25. Bxg4 fxg4 26. Qxa7 Bxe4 27. Rf2 Qg6 28. Kg1 g3 29. Rf4 Qh7 30. Qa8+ Kd7 31. Qa4+ Bc6 32. Rh4 Qe7 33. Qf4 Qe1+ 34. Qf1 Qxf1+ 35. Kxf1 g2+ 36. Kg1 Rf8 37. Rg4 Rf1+ 38. Kh2 Rh1+ 39. Kg3 g1Q+ 40. Kf4 Qf2+ 0-1

[Event "HUN-chT2 Toth 0809"]
[Site "Hungary"]
[Date "2008.11.30"]
[Round "3.12"]
[White "Olah, Bela Janos"]
[Black "Nyoger, Istvan"]
[Result "1-0"]
[WhiteElo "1791"]
[BlackElo "1861"]
[PlyCount "109"]
[EventDate "2008.10.26"]
[EventType "team-tourn"]
[EventRounds "11"]
[EventCountry "HUN"]
[SourceTitle "EXT 2010"]
[Source "ChessBase"]
[SourceDate "2010.11.25"]
[SourceVersion "1"]
[SourceVersionDate "2010.11.25"]
[SourceQuality "1"]
[WhiteTeam "Bekes"]
[BlackTeam "Maroczy II"]
[WhiteTeamCountry "HUN"]
[BlackTeamCountry "HUN"]

1. d4 d5 2. Bf4 Nf6 3. e3 Bf5 4. Bd3 Bxd3 5. Qxd3 c6 6. c3 e6 7. Nf3 Be7 8. Nbd2 Nbd7 9. 0-0 Nh5 10. g4 Nxf4 11. exf4 Qc7 12. f5 Qf4 13. fxe6 Qxg4+ 14. Kh1 Qxe6 15. Rae1 Qf6 16. Qe3 Kf8 17. Ne5 Nxe5 18. dxe5 Qf5 19. Nb3 Qd7 20. f4 g6 21. f5 gxf5 22. Nd4 h6 23. Rxf5 Bg5 24. Qf2 Qe7 25. e6 f6 26. h4 Kg8 27. hxg5 hxg5+ 28. Kg2 Qh7 29. Qg3 Qg6 30. Ref1 Kg7 31. Rxf6 Qxf6 32. Rxf6 Kxf6 33. Qf2+ Ke7 34. Qf7+ Kd6 35. e7 Rae8 36. Qe6+ Kc7 37. Nf5 Rhg8 38. Nd6 Rd8 39. exd8Q+ Rxd8 40. Nf5 Rd7 41. Kg3 c5 42. Kg4 d4 43. cxd4 cxd4 44. Qxd7+ Kxd7 45. Nxd4 a6 46. Kxg5 Kd6 47. Kf4 Kd5 48. Nc2 Kc4 49. Ke4 b5 50. Ne3+ Kc5 51. Kd3 Kb4 52. Kc2 a5 53. Nd1 Ka4 54. Kc3 b4+ 55. Kc4 1-0